Návrh postupu realizácie systému kvality podľa STN EN ISO 9002 : diplomová práca/

Guardado en:
Detalles Bibliográficos
Autor principal: Kapustová, Svetlana (Autor)
Otros Autores: Kapoun, Ľubomír (Orientador)
Formato: Manuscrito Libro
Lenguaje:eslovaco
Publicado: 1999
Etiquetas: Agregar Etiqueta
Sin Etiquetas, Sea el primero en etiquetar este registro!

MARC

LEADER 00000ntm a22000003a 4500
001 0013739
003 SK-STU
005 20160413102033.7
007 ta
008 160412s2016----xo-----f-mn---000-0-slo-d
040 |a STU  |b slo 
041 0 |a slo 
044 |a xo  |c SK 
100 1 |a Kapustová, Svetlana  |4 aut 
245 1 0 |a Návrh postupu realizácie systému kvality podľa STN EN ISO 9002 : diplomová práca/  |c aut. Svetlana Kapustová ; škol. Ľubomír Kapoun 
260 |c 1999 
300 |a 98 s., príl. 
500 |a STU v Bratislave MTF v Trnave KMK 
700 1 |a Kapoun, Ľubomír  |4 ths 
996 |c M* DP-12585  |l MMSKP  |s P  |a 0  |w 0013739_0001